Going through Genesis / (Record no. 4274)
[ view plain ]
| 000 -LEADER | |
|---|---|
| fixed length control field | 00697nam a2200229Ia 4500 |
| 001 - CONTROL NUMBER | |
| control field | 15577 |
| 003 - CONTROL NUMBER IDENTIFIER | |
| control field | GBCCL |
| 005 - DATE AND TIME OF LATEST TRANSACTION | |
| control field | 20241126110515.0 |
| 008 - FIXED-LENGTH DATA ELEMENTS--GENERAL INFORMATION | |
| fixed length control field | 770321s1956 caua 000 0 eng d |
| 035 ## - SYSTEM CONTROL NUMBER | |
| System control number | OCM02821786 |
| 040 ## - CATALOGING SOURCE | |
| Original cataloging agency | CDC |
| Transcribing agency | CDC |
| Modifying agency | m/c |
| -- | LBB |
| 049 ## - | |
| -- | LBBK |
| 082 ## - DEWEY DECIMAL CLASSIFICATION NUMBER | |
| Classification number | 222.1106 |
| Item number | MCG |
| 092 0# - LOCALLY ASSIGNED DEWEY CALL NUMBER (OCLC) | |
| Classification number | 222.11 |
| Item number | M145, 1956 |
| Edition number | 20 |
| 100 1# - MAIN ENTRY--PERSONAL NAME | |
| Personal name | McGee, J. Vernon |
| Fuller form of name | (John Vernon), |
| Dates associated with a name | 1904- |
| 9 (RLIN) | 8087 |
| 245 10 - TITLE STATEMENT | |
| Title | Going through Genesis / |
| Statement of responsibility, etc. | by J. Vernon McGee. |
| 260 ## - PUBLICATION, DISTRIBUTION, ETC. | |
| Place of publication, distribution, etc. | Pasadena, Calif. : |
| Name of publisher, distributor, etc. | Thru the Bible Radio, |
| Date of publication, distribution, etc. | 1956. |
| 300 ## - PHYSICAL DESCRIPTION | |
| Extent | 79 p. : |
| Other physical details | ill. ; |
| Dimensions | 22 cm. |
| 630 00 - SUBJECT ADDED ENTRY--UNIFORM TITLE | |
| Uniform title | Bible. |
| Name of part/section of a work | O.T. |
| -- | Genesis |
| General subdivision | Criticism, interpretation, etc. |
| 9 (RLIN) | 8088 |
| 650 #0 - SUBJECT ADDED ENTRY--TOPICAL TERM | |
| Topical term or geographic name entry element | Sermons |
| General subdivision | Outlines. |
| 9 (RLIN) | 4260 |
| 942 ## - ADDED ENTRY ELEMENTS (KOHA) | |
| Source of classification or shelving scheme | Dewey Decimal Classification |
| Koha item type | Books |
| Koha issues (borrowed), all copies | 4 |
| Withdrawn status | Lost status | Source of classification or shelving scheme | Damaged status | Not for loan | Home library | Current Library | Shelving location | Date acquired | Total checkouts | Full call number | Barcode | Date last seen | Date last checked out | Copy number | Price effective from | Koha item type |
|---|---|---|---|---|---|---|---|---|---|---|---|---|---|---|---|---|
| Dewey Decimal Classification | GRACE BIBLE COLLEGE | GRACE BIBLE COLLEGE | Biblical Studies | 2018-01-17 | 4 | 222.1106 MCG | 005228 | 2025-05-01 | 2024-08-16 | c.1 | 2018-01-17 | Books |